00778cam a22002531a 4500001001300000003000400013005001700017008004100034010001700075025001900092035002000111040001700131042001200148050001800160110004200178245003400220260003400254300002000288490005500308500003800363610004100401830006500442999001700507sa 66004214 DLC20260227112241.0970319s1961 bg 000 0 eng  asa 66004214  aPL480:EP-E-277 a(OCoLC)36576764 aDLCcCUdDLC apremarc00aDS376b.S65272 aSociety for Pakistan Studies (Dacca).10aSociety for Pakistan Studies. aDacca :bThe Society,c[1961] a16 p. ;c21 cm.1 aSociety for Pakistan Studies. Publication ;vno. 2 a"Pakistan Day, 14th August, 1961"20aSociety for Pakistan Studies (Dacca) 0aPublication (Society for Pakistan Studies (Dacca)) ;vno. 2. c69284d69284